<?xml version="1.0" encoding="UTF-8"?><?xml-stylesheet type="text/xsl" href="static/style.xsl"?><OAI-PMH xmlns="http://www.openarchives.org/OAI/2.0/" xmlns:xsi="http://www.w3.org/2001/XMLSchema-instance" xsi:schemaLocation="http://www.openarchives.org/OAI/2.0/ http://www.openarchives.org/OAI/2.0/OAI-PMH.xsd"><responseDate>2026-04-17T12:58:03Z</responseDate><request verb="GetRecord" identifier="oai:www.recercat.cat:2117/128777" metadataPrefix="marc">https://recercat.cat/oai/request</request><GetRecord><record><header><identifier>oai:recercat.cat:2117/128777</identifier><datestamp>2025-07-23T01:21:12Z</datestamp><setSpec>com_2072_1033</setSpec><setSpec>col_2072_452951</setSpec></header><metadata><record xmlns="http://www.loc.gov/MARC21/slim" xmlns:dcterms="http://purl.org/dc/terms/" xmlns:xsi="http://www.w3.org/2001/XMLSchema-instance" xmlns:doc="http://www.lyncode.com/xoai" xsi:schemaLocation="http://www.loc.gov/MARC21/slim http://www.loc.gov/standards/marcxml/schema/MARC21slim.xsd">
   <leader>00925njm 22002777a 4500</leader>
   <datafield ind2=" " ind1=" " tag="042">
      <subfield code="a">dc</subfield>
   </datafield>
   <datafield ind2=" " ind1=" " tag="720">
      <subfield code="a">Paez Garcia, Àlex</subfield>
      <subfield code="e">author</subfield>
   </datafield>
   <datafield ind2=" " ind1=" " tag="260">
      <subfield code="c">2018-05</subfield>
   </datafield>
   <datafield ind2=" " ind1=" " tag="520">
      <subfield code="a">El projecte de final de grau que s’ha dut a terme, consisteix en dissenyar un paletitzador cartesià capaç d’agrupar automàticament caixes de cartró que arriben d’una cinta transportadora de rodets (inclosa en l’estructura del paletitzador dissenyat), a l’espai on s’hi col·loca un palet.&#xd;
Primer de tot, s’ha fet un estudi general de la història, l’ús i els diferents palets que existeixen. També s’ha fet una recerca dels diferents paletitzadors del mercat, per poder comprendre el sector de l’empaquetament. Aquest estudi ajuda a conèixer les necessitats bàsiques que ha d’oferir un paletitzador, i trobar les carències que presenten més habitualment, per poder dissenyar una versió millorada.&#xd;
S’ha dissenyat l’estructura d’una primera idea de paletitzador i s’han realitzat els càlculs corresponents. Per verificar-los, se’n construeix un prototip que ha permès comprovar com reaccionava l‘estructura.&#xd;
Un cop analitzat el funcionament del prototip, s’observen certes errades i punts crítics que cal millorar, per tant, s’han calculat totes les modificacions necessàries i s’han redissenyat per assegurar corregir aquests punts.&#xd;
S’han dissenyat dos models diferents de paletitzador. Aquests estan diferenciats en la forma que transmeten la potència, els elements que subjecten a l’estructura els motors i en el cost de la programació. Per poder escollir quin model de paletitzador serà més viable de construir, s’han realitzat dos pressupostos, un per cada model.&#xd;
Finalment, s’han simulat les peces més crítiques dels paletitzadors amb el programa de disseny CAD Solidworks, per comprovar el correcte disseny i funcionament. També s’han dibuixat els plànols de les peces per fabricar, inclòs els plànols per poder muntar els paletitzadors.</subfield>
   </datafield>
   <datafield tag="653" ind2=" " ind1=" ">
      <subfield code="a">Àrees temàtiques de la UPC::Enginyeria mecànica</subfield>
   </datafield>
   <datafield tag="653" ind2=" " ind1=" ">
      <subfield code="a">Packaging machinery</subfield>
   </datafield>
   <datafield tag="653" ind2=" " ind1=" ">
      <subfield code="a">Maquinària d'embalatge</subfield>
   </datafield>
   <datafield ind2="0" ind1="0" tag="245">
      <subfield code="a">Disseny d’un paletitzador cartesià</subfield>
   </datafield>
</record></metadata></record></GetRecord></OAI-PMH>